1748 1488 1792 1686 1888 1760 1759 1958 1868 1762 1686 1009 1909 1913 1237 1698 1717 1391 1104 1366 1410 1403 1976 1804 1365 1204 1518 1167 1583 1217 1576 1804 1100 1801 1272 1195 1293 1852 1959 1110 1220 1376 1529 1164 1624 1931 1296 1492 1930 1601 1460 1885 1395 1021 1392 1678 1447 1350 1597 1087 1897 1420 1753 1589 1205 1884 1986 1419 1505 1734 1572 1509 1465 1996 1373 1282 1100 1463 1615 1536 1241 1486 1188 1608 1345 1591 1755 1937 1959 1281 1014 1603 1266 1969 1117 1702 1925 1586 1092 BCNSPRNW ULIB Ver.6.0+V

เปลี่ยนเป็นภาษาไทย

Change to English
 แสดงรายละเอียดบรรณานุกรม
  กลับหน้าหลัก

Brief Record : Get Marc (ISO 2709) : E-mail record : QR code < ปิดหน้าต่าง
LEADER : 00000nam 2200000uu 4500
001    13399112520
003     ULIB
008    110819s2545||||th 000 0 tha d
020    9742413967
050  4 LB2846^bส652ค 2545
245 00 ความสามารถในการแข่งขันด้านการศึกษาของประเทศไทยปี 2544 /^cสำนักงานคณะกรรมการการศึกษาแห่งชาติ
250    พิมพ์ครั้งที่ 1
260    กรุงเทพนฯ :^bสำนักงานคณะกรรมการการศึกษาแห่งชาติ,^c2545
300    78 หน้า :^bภาพประกอบ ;^c21 ซม.
440  0 สิ่งพิมพ์สกศ. ;^vอันดับที่ 88/2545
650  4 ความสามารถในการแข่งขัน^zไทย
710 2  สำนักงานคณะกรรมการการศึกษาแห่งชาติ
945    ^p0^l0^i017034
945    ^p0^l0^i017035
995    ทศพร
999 ^a ทศพร
รายการนี้ยังไม่มีแท็ก
คุณยังไม่ได้ล็อกอิน คุณสามารถมีกิจกรรมร่วมกับเว็บไซต์ได้ แต่ต้องล็อกอินก่อน ::
  ล็อกอิน

รายการสื่อสารสนเทศ

ลำดับที่ ประเภท เลขเรียก/บาร์โค้ด สถานที่ สถานะ
- ไม่พบข้อมูล -

BibComment


ยังไม่เคยถูกคอมเมนท์

คอมเมนท์ทรัพยากรรายการนี้
  คอมเมนท์: ความสามารถในการแข..


 Copyright 2026. Bcnsprnw @Library